00870cam a2200253u 45000010005000000030008000050050017000130080039000300350014000690400024000830410008001070820029001151000057001442450034002012500011002352600036002463000024002826500029003066500035003357100069003709420012004399990015004519520150004665431BD-RjUL20211208234050.0131226s1975 ii 000 0 eng a(BD-RjUL) aDLCcCarPdDLCbeng aeng 220a347.54035bCHA 19751 aChaudhuri, Bhabendra Nath. [from old catalog]91706314aThe art of writing judgment / a2d ed. aAllahabad,bLaw Book Co.,c1975 axxv, 221 p.c25 cm. 0aJudgmentszIndia.917064 0aProcedure (Law)zIndia.9170651 aIndia (Republic)kLaws, statutes, etc. [from old catalog]917066 2ddccBK c5431d5431 00102ddc40708NFICaRUCLbRUCLcstackd1976-07-05eK.P. Bagchi and co. indial0o347.54035 CHA 1975r2013-12-26 00:00:00tC-2w2013-12-26yBK